000 01003nam a2200337 a 4500
008 960919s1966 xo ab gr 0010yyslo c
040 _aSNK
_bslo
_cSNK
_eAACR2
041 1 _aslo
_brus
_bger
_beng
_bfre
_bhun
043 _ae-xo---
044 _axo
_cSK
072 7 _a72
_2SNK
080 _a728.81
080 _a728.82
080 _a(437.6)
080 _a(048.8)
080 _a(084.11)
100 1 _aFialová, Hilda
_4aut
245 1 0 _aHrady na Slovensku
_cHilda Fialová - Andrej Fiala ; [úvodnú stať napísala Alžbeta Güntherová ; mapu vyhotovil Róbert Brož]
250 _a1. vyd.
260 _aBratislava
_bObzor
_c1966
300 _a[328] s., 1. mp. príl.
_bčiernobiele fotogr., ilustr.
_c25 cm
650 0 7 _ahrady
_xdejiny
_2SNK
650 0 7 _azámky
_xdejiny
_2SNK
650 0 7 _aArchitektúra
_2SNK
651 0 7 _aSlovensko
_2SNK
700 1 _aFiala, Andrej
_4aut
_4pht
700 1 _aGüntherová, Alžbeta
_4aui
700 1 _aBrož, Róbert
_4wam
020 _c69
958 _aAPP
999 _c14991
_d14991